00353nam a2200109Ia 4500008004100000082002100041100001800062245001400080260003800094630001800132650009300150211109s9999||||xx |||||||||||||| ||und|| a894.81207bLEE-V aLeelavathi, M 0aVarnaraji bSahithya Pravarthaka...aKottayam xGENERAL STACK aMalayalam LiteraturevMalayalam Literature StudiesxMalayalam Literary ResearchMalayalam